000 00567nam a22001937a 4500
001 00028843
005 20260423140556.0
008 260423b ag ||||| |||| 00| 0 spa d
020 _a9507015116
040 _bspa
_cAR-CcCEOS
080 _a376
090 _bDEV
100 1 _aDevalle de Rendo, Alicia,
_d1942-2006
_91098
245 _aUna escuela en y para la diversidad :
_bel entramado de la diversidad /
_cAlicia Devalle de Rendo y Viviana Vega
250 _a1ยช ed.
260 _aBuenos Aires :
_bAique.
300 _a246 p. ;
_c24x12 cm.
942 _2udc
_cBK
999 _c28884
_d28884
945 _a66467
_bMelina Rolando
_c66467
_dMelina Rolando